| 000 | 00910cam a2200265 a 4500 | ||
|---|---|---|---|
| 001 | 4904694 | ||
| 005 | 20250217105425.0 | ||
| 008 | 940202s1995 ohua 001 0 eng | ||
| 020 | _a0538623632 | ||
| 050 | 0 | 0 |
_aHF5736 _b.F67 1995 |
| 082 | 0 | 0 |
_a651.5/3 _220 |
| 100 | 1 | _aFosegan, Joseph S. | |
| 245 | 1 | 0 |
_aBusiness records control / _cJoseph S. Fosegan, Mary Lea Ginn, David G. Goodman. |
| 250 | _a7th ed. | ||
| 260 |
_aCincinnati, Ohio : _bSouth-Western Pub., _cc1995. |
||
| 300 |
_aix, 278 p. : _bcol. ill. ; _c24 cm. |
||
| 500 | _aRev. ed. of: Business records control / David G. Goodman, Joseph S. Fosegan, Ernest D. Bassett. 6th ed. c1987. | ||
| 500 | _aIncludes index. | ||
| 650 | 0 | _aFiling systems. | |
| 650 | 0 | _aBusiness records. | |
| 700 | 1 |
_aGinn, Mary L. _q(Mary Lea), _d1947- |
|
| 700 | 1 | _aGoodman, David G. | |
| 700 | 1 |
_aGoodman, David G. _tBusiness records control. |
|
| 942 |
_2lcc _cBK _n0 |
||
| 999 |
_c3900 _d3900 |
||